000
00233 a2200097 4500
001
41792
100
_a
Mcloughlin E V
245
_a
The Book of Knowledge (Vol-XVII)
260
_a
New York
_b
Grolier Society
_c
090
_c
25903
_d
25903
942
_a
NUST-CAE
_c
M
_c
17673
999
_c
276865
_d
276865